000 00642nam a2200277Ia 4500
005 20260324141506.0
008 008 260324s9999 xx 000 0 eng d
020 _a9780203198230
037 _aEBOOK
040 _aCRL
040 _beng
040 _cCRL
041 _2eng
041 _aeng
084 _qCRL
100 _aChristopher Hill
_91208396
245 4 _aThe Actors in Europe's Foreign Policy
260 _bTaylor and Francis
260 _c1997
365 _a
365 _b300
856 _uhttp://www.taylorfrancis.com/books/9780203198230
942 _cEBOOK
999 _c1811545
_d1811545